书目信息 |
| 题名: |
记忆南极
|
|
| 作者: | 谢晓尧 著 | |
| 分册: | ||
| 出版信息: | 贵阳 贵州科技出版社 2016.12 |
|
| 页数: | 253页 | |
| 开本: | 23cm | |
| 丛书名: | ||
| 单 册: | ||
| 中图分类: | P941.61-49 | |
| 科图分类: | ||
| 主题词: | 南极--普及读物 | |
| 电子资源: | ||
| ISBN: | 978-7-5456-0926-4 | |
| 000 | 00599nam0 2200217 450 | |
| 001 | 4956 | |
| 005 | 20181013161702.09 | |
| 010 | @a978-7-5456-0926-4@dCNY88.00 | |
| 100 | @a20180217d2016 em y0chiy50 ea | |
| 101 | 0 | @achi |
| 102 | @aCN@b520000 | |
| 105 | @aa z 000yy | |
| 200 | 1 | @a记忆南极@9ji yi nan ji@f[谢晓尧著] |
| 210 | @a贵阳@c贵州科技出版社@d2016.12@h2017印 | |
| 215 | @a253页@c彩照@d23cm | |
| 314 | @a责任者取自版权页 | |
| 606 | 0 | @a南极@j普及读物 |
| 690 | @aP941.61-49@v5 | |
| 701 | 0 | @a谢晓尧@9Xie Xiao Yao@4著 |
| 801 | 0 | @aCN@b91MARC@c20180217 |
| 905 | @aMuseLib@dP941.61-49@e175 | |
| 记忆南极/[谢晓尧著].-贵阳:贵州科技出版社,2016.12(2017印) |
| 253页:彩照;23cm |
| ISBN 978-7-5456-0926-4:CNY88.00 |
| ● |
| 相关链接 |
|
|
|
|
正题名:记忆南极
索取号:P941.61-49/175
 
预约/预借
| 序号 | 登录号 | 条形码 | 馆藏地/架位号 | 状态 | 备注 |
| 1 | 1127434 | 211274342 | 第二样本阅览室/ [索取号:P941.61-49/175] | 在馆 | |
| 2 | 1127435 | 211274351 | 密集书库-资源管理系/ [索取号:P941.61-49/175] | 在馆 | |
| 3 | 1127436 | 211274360 | 第三借阅区/ [索取号:P941.61-49/175] | 在馆 | |
| 4 | 1127437 | 211274379 | 第三借阅区/ [索取号:P941.61-49/175] | 在馆 | |
| 5 | 1127438 | 211274388 | 第三借阅区/ [索取号:P941.61-49/175] | 在馆 |